000 00577nam a2200181Ia 4500
008 090123s9999 xx 000 0 und d
082 _b4988
_a891.463/जोशी
100 _aजोशी श्रीपाद
245 _aकातळावरचे पाणी
250 _a3
260 _bसुलभ मु.
_c1978
300 _a188
600 _aजोशी श्रीपाद
630 _aकातळावरचे पाणी
700 _aजोशी श्रीपाद
730 _aकातळावरचे पाणी
942 _cBOOK
999 _c43063
_d43063